000 00829nam a2200253Ia 4500
003 OSt
005 20220930094538.0
006 a|||||r|||| 00| 0
007 ta
008 220926b |||||||| |||| 00| 0 eng d
024 _a72165
037 _cTheses
040 _aCRL
_cCRL
_beng
041 _2eng
_aeng
100 _aSaurabh Kumar Au.
_9555829
110 _aUniversity of Delhi. Faculty of Social Science. Department of History
245 0 _aEvolution of the structure of state and society in early medieval north and central india
260 _c2019
300 _a205p.
_ap.
_ccm.
700 _a Sahu Bhairabi Prasad Gu.
_9553561
700 _aUniversity of Delhi. Faculty of Social Science. Department of History
942 _cDIS
_2CC
999 _c887288
_d887288